000 01110nam a2200313 a 4500
001 000109196
003 CHAP
005 20220329144041.0
008 140409s2013 mx | |sm |||||||spa|d
010 _a105658
011 _a106630
040 _cCHAP
090 _aTesis
100 1 _aMorales Gaspar, Vidal
_9126345
245 1 0 _aCultivo de tomate en un sistema acuapónico
_h[En línea]
_cpor Vidal Morales Gaspar.
260 _aChapingo, Méx. :
_bEl autor,
_c2013.
500 _aPara ver el contenido del material haga clic en la liga
502 _aTesis (Ing. Agrónomo en Horticultura Protegida) -- UACH. Departamento de Fitotecnia
590 _aBATCH-UPD
_b10
_c20141002
_lUCH01
_h0900
590 _aE11695DGD
_b10
_c20140414
_lUCH01
_h1103
590 _aE792CSJ
_b05
_c20140409
_lUCH01
_h1052
590 _aE792CSJ
_b05
_c20140409
_lUCH01
_h1053
650 1 4 _aTilapia
_xCultivos acuapónicos.
_9126358
650 1 4 _aTomate
_xCultivos acuapónicos
_xRendimiento.
_9126357
856 _aFinding aid
_uhttp://10.13.5.2/tesis/sist109196.pdf
_zTeclea aquí
901 _aBK
942 _cTESIS
942 _n0
999 _c105658
_d105658